000 00319nam a2200121Ia 4500
008 191014s9999 xx 000 0 und d
082 _a541.369
_bSCH
100 _aErwin Schrodinger
_920262
245 0 _aStatistical Thermodynamics
260 _aUK
_bCambridge University Press
_c1960
300 _aPeg,95
942 _cBK
999 _c530958
_d530958